MARC

LEADER 00000nam0a2200000 4500
001 286058
005 20231101235845.0
020 |a RU  |b 85-34990 
035 |a (RuTPU)RU\TPU\book\310347 
090 |a 286058 
100 |a 20150303d1985 k y0rusy5003 ca 
101 0 |a rus 
102 |a RU 
105 |a y z 000zy 
200 1 |a Соединения и части в бою  |f С. В. Гришин, Н. Н. Цапенко  |g под ред. С. Н. Ивлева 
210 |a Москва  |c Воениздат  |d 1985 
215 |a 279 с. 
225 1 |a Иностранные армии 
606 |a Бой наступательный  |2 stltpush  |3 (RuTPU)RU\TPU\subj\30013  |9 53215 
606 |a Вооруженные силы  |x Капиталистических стран  |2 stltpush  |3 (RuTPU)RU\TPU\subj\3693  |9 32071 
610 1 |a соединения 
610 1 |a части 
610 1 |a тактика 
686 |a Ц25  |2 rubbk 
686 |a Ц4,8  |2 rubbk 
700 1 |a Гришин  |b С. В.  |g Сергей Владимирович 
701 1 |a Цапенко  |b Н. Н. 
702 1 |a Ивлев  |b С. Н.  |4 340 
801 0 |a RU  |b RuMRKP  |c 19950704  |g psbo 
801 1 |a RU  |b 63413507  |c 20150303 
801 2 |a RU  |b 63413507  |c 20171129  |g RCR 
942 |c BK